|
|
|
|
| LEADER |
00000nam0a2200000 4500 |
| 001 |
361811 |
| 005 |
20231102011427.0 |
| 035 |
|
|
|a (RuTPU)RU\TPU\retro\19157
|
| 090 |
|
|
|a 361811
|
| 100 |
|
|
|a 20210702d1980 m y0rusy50 ca
|
| 101 |
0 |
|
|a rus
|
| 102 |
|
|
|a RU
|
| 105 |
|
|
|a a j 001zy
|
| 200 |
1 |
|
|a Вопросы защиты окружающей среды в химической технологии
|e учебное пособие для вузов
|f Е. Л. Белороссов, Т. А. Вазина
|g Ярославский политехнический институт
|
| 210 |
|
|
|a Ярославль
|c Изд-во ЯПИ
|d 1980
|
| 215 |
|
|
|a 68 с.
|c ил.
|
| 320 |
|
|
|a Библиогр.: с. 66
|
| 606 |
1 |
|
|a Химическая промышленность,предприятия
|x Охрана окружающей среды
|2 stltpush
|3 (RuTPU)RU\TPU\subj\31058
|9 54027
|
| 610 |
1 |
|
|a учебные пособия
|
| 610 |
1 |
|
|a химическая технология
|
| 610 |
1 |
|
|a охрана природы
|
| 610 |
1 |
|
|a живая природа
|
| 610 |
1 |
|
|a неживая природа
|
| 610 |
1 |
|
|a воздушный бассейн
|
| 610 |
1 |
|
|a водные бассейны
|
| 675 |
|
|
|a 66.013.8(075.8)
|v 4
|
| 700 |
|
1 |
|a Белороссов
|b Е. Л.
|g Евгений Львович
|
| 701 |
|
1 |
|a Вазина
|b Т. А.
|g Татьяна Александровна
|
| 712 |
0 |
2 |
|a Ярославский политехнический институт
|2 stltpush
|3 (RuTPU)RU\TPU\col\7887
|9 24407
|
| 801 |
|
1 |
|a RU
|b 63413507
|c 20210702
|
| 942 |
|
|
|c BK
|